Lessons Learned in Aircraft Design : (Record no. 594100)

000 -LEADER
fixed length control field 00344nam a22001217a 4500
022 ## - INTERNATIONAL STANDARD SERIAL NUMBER
Source 9781884885587
082 ## - DEWEY DECIMAL CLASSIFICATION NUMBER
Classification number 629.133
Author Mark ROS
100 ## - MAIN ENTRY--PERSONAL NAME
Personal name Roskam, Jan
245 ## - TITLE STATEMENT
Title Lessons Learned in Aircraft Design :
Remainder of title the devil is in the details /
Statement of responsibility, etc. Roskam, Jan
260 ## - PUBLICATION, DISTRIBUTION, ETC.
Place of publication, distribution, etc. USA :
Name of publisher, distributor, etc. DAR Corp ;
Date of publication, distribution, etc. 2007.
300 ## - PHYSICAL DESCRIPTION
Extent x, 498p. ;
Other physical details Paperback
942 ## - ADDED ENTRY ELEMENTS (KOHA)
Source of classification or shelving scheme
Koha item type Book
Holdings
Withdrawn status Lost status Source of classification or shelving scheme Damaged status Not for loan Permanent Location Current Location Shelving location Date acquired Total Checkouts Full call number Barcode Date last seen Date last checked out Price effective from Koha item type
          School of Mechanical & Manufacturing Engineering (SMME) School of Mechanical & Manufacturing Engineering (SMME) Aerospace Engineering 03/22/2023 1 629.133 ROS SMME-4282 10/20/2025 09/15/2025 03/22/2023 Book
© 2023 Central Library, National University of Sciences and Technology. All Rights Reserved.